| 000 | 00487 a2200181 4500 | ||
|---|---|---|---|
| 003 | OSt | ||
| 005 | 20180116182642.0 | ||
| 008 | 160830b xxu||||| |||| 00| 0 eng d | ||
| 020 | _a9890070666993 | ||
| 040 | _c0 | ||
| 082 | _a658.848 CAT 2002 | ||
| 100 | _aPhilip R Cateora | ||
| 245 |
_aInternational Marketing _cPhilip R Cateora |
||
| 260 |
_aNew Delhi _bMcGraw Hill _c2002 |
||
| 300 |
_a694 p. _bPB |
||
| 440 | _aInternational Marketing | ||
| 942 |
_aNBS _cBK _k658.848 CAT 2002 _2ddc |
||
| 999 |
_c343460 _d343460 |
||